New Horizon dictionary
| Main Author: | |
|---|---|
| Format: | Book |
| Published: |
Leicester :
Blitz ,
1991
|
| Subjects: |
MARC
| LEADER | 00000cam a2200000 7i4500 | ||
|---|---|---|---|
| 001 | 0000003115 | ||
| 002 | 000003369 | ||
| 005 | 20060207.0 | ||
| 020 | |a 1856050335 | ||
| 090 | 0 | 0 | |a 420.3 |b GRI |
| 100 | 1 | |a Grisewood, John | |
| 245 | 1 | 0 | |a New Horizon dictionary |c John Grisewood |
| 260 | |a Leicester : |b Blitz , |c 1991 | ||
| 300 | |a 319p. : |b ill ; |c 28cm. | ||
| 650 | 0 | 0 | |a English language |x Dictionaries |
| 999 | |a 036678 |b BUKU |c JUNIOR BOOKS |e PERPUSTAKAAN KOMUNITI PETALING JAYA | ||